Ako úspešne pripraviť a viesť projekty [Za 7 dní]

Salvato in:
Dettagli Bibliografici
Autore principale: Brown, Marc
Altri autori: Ďurej, Ondrej
Natura: Libro
Lingua:slovacco
Pubblicazione: Bratislava Open Windows 1996
Edizione:1. vyd.
Serie:Úspešný manažér
Soggetti:
Tags: Aggiungi Tag
Nessun Tag, puoi essere il primo ad aggiungerne!!

MARC

LEADER 00000nam a2200000 4500
001 c019493
005 20221128072445.6
020 |a 80-85741-18-0 
041 0 |a slo 
044 |a SK 
245 1 0 |a Ako úspešne pripraviť a viesť projekty  |b [Za 7 dní]  |c Marc Brown ; [Z angl. prel.] Ondrej Ďurej 
250 |a 1. vyd. 
264 1 |a Bratislava  |b Open Windows  |c 1996 
300 |a 112 s. 
490 1 |a Úspešný manažér 
830 0 |a Úspešný manažér 
610 2 0 |a podnikanie 
610 2 0 |a úspech pracovný 
610 2 0 |a manažéri 
610 2 0 |a manažment 
610 2 0 |a riadenie projektové 
610 2 0 |a plánovanie 
610 2 0 |a vedenie podniku 
100 1 |a Brown, Marc 
700 1 |a Ďurej, Ondrej